Detalles MARC
| 000 -CABECERA |
| campo de control de longitud fija |
00872cam a2200217 a 4500 |
| 001 - NÚMERO DE CONTROL |
| campo de control |
000006293 |
| 005 - FECHA Y HORA DE LA ÚLTIMA TRANSACCIÓN |
| campo de control |
20200929153918.0 |
| 008 - DATOS DE LONGITUD FIJA--INFORMACIÓN GENERAL |
| campo de control de longitud fija |
990826s1998 mx 001 0 spa |
| 040 ## - FUENTE DE LA CATALOGACIÓN |
| Centro catalogador/agencia de origen |
DO-SdBNP |
| Centro/agencia transcriptor |
DLC |
| 082 ## - NÚMERO DE LA CLASIFICACIÓN DECIMAL DEWEY |
| Número de clasificación |
U861.44 |
| Número de documento/Ítem |
I12l |
| 100 1# - ENTRADA PRINCIPAL--NOMBRE DE PERSONA |
| Nombre de persona |
Ibarbourou, Juana de. |
| Forma completa/desarrollada del nombre |
(Juana Fernández Morales), |
| Fechas asociadas al nombre |
1892-1979. |
| 9 (RLIN) |
17577 |
| 245 14 - MENCIÓN DE TÍTULO |
| Título |
Las lenguas de diamante : |
| Resto del título |
el Protoidioma en la poesía de Juana de Ibarbourou / |
| Mención de responsabilidad, etc. |
Juana de Ibarbourou ; Fredo Arias de la Canal; prólogo de Manuel Gálvez. |
| 260 ## - PUBLICACIÓN, DISTRIBUCIÓN, ETC. |
| Lugar de publicación, distribución, etc. |
México : |
| Nombre del editor, distribuidor, etc. |
Frente de Afirmación Hispánista, |
| Fecha de publicación, distribución, etc. |
1998. |
| 300 ## - DESCRIPCIÓN FÍSICA |
| Extensión |
306 p. : |
| Otras características físicas |
il. ; |
| Dimensiones |
19 cm. |
| 650 #4 - PUNTO DE ACCESO ADICIONAL DE MATERIA--TÉRMINO DE MATERIA |
| Término de materia o nombre geográfico como elemento de entrada |
Poesía uruguaya |
| 9 (RLIN) |
3846 |
| 650 #4 - PUNTO DE ACCESO ADICIONAL DE MATERIA--TÉRMINO DE MATERIA |
| Término de materia o nombre geográfico como elemento de entrada |
Literatura uruguaya |
| 9 (RLIN) |
3054 |
| 700 1# - PUNTO DE ACCESO ADICIONAL--NOMBRE DE PERSONA |
| Nombre de persona |
Arias de la Canal, Fredo. |
| 9 (RLIN) |
8096 |
| 700 1# - PUNTO DE ACCESO ADICIONAL--NOMBRE DE PERSONA |
| Nombre de persona |
Gálvez, Manuel, |
| Término indicativo de función/relación |
prol. |
| 9 (RLIN) |
17578 |
| 740 02 - PUNTO DE ACCESO ADICIONAL--TÍTULO RELACIONADO O ANALÍTICO NO CONTROLADO |
| Título relacionado o analítico no controlado |
Protoidioma en la poesía de Juana de Ibarbourou. |
| 910 ## - DATOS DE OPCIÓN DEL USUARIO (OCLC) |
| Datos de opción del usuario |
Catalogación por copia / LC |